Statistics for Top 100 NBA 2017 Players

Click here to take the quiz!

General Stats

  • This quiz has been taken 8,132 times
  • The average score is 56 of 100

Answer Stats

RankPlayerTeamPost% Correct
1LeBron JamesCleveland CavaliersForward
100%
3Stephen CurryGolden State WarriorsGuard
99%
2Kevin DurantGolden State WarriorsForward
98%
5Russell WestbrookOklahoma City ThunderGuard
98%
4Chris PaulLos Angeles ClippersGuard
97%
7James HardenHouston RocketsGuard
97%
8Anthony DavisNew Orleans PelicansForward-Center
95%
9Paul GeorgeIndiana PacersForward
94%
10Blake GriffinLos Angeles ClippersForward
93%
13Draymond GreenGolden State WarriorsForward
93%
6Kawhi LeonardSan Antonio SpursForward
93%
19Klay ThompsonGolden State WarriorsGuard
92%
69Danny GreenSan Antonio SpursGuard-Forward
91%
17John WallWashington WizardsGuard
90%
12DeMarcus CousinsSacramento KingsCenter
89%
52Tristan ThompsonCleveland CavaliersCenter-Forward
89%
14Kyle LowryToronto RaptorsGuard
88%
25Kyrie IrvingCleveland CavaliersGuard
88%
21Damian LillardPortland Trail BlazersGuard
87%
16Jimmy ButlerChicago BullsGuard-Forward
86%
22Marc GasolMemphis GrizzliesCenter
86%
24Carmelo AnthonyNew York KnicksForward
85%
20DeAndre JordanLos Angeles ClippersCenter
85%
23Karl-Anthony TownsMinnesota TimberwolvesForward-Center
85%
41Pau GasolSan Antonio SpursCenter-Forward
85%
30Kevin LoveCleveland CavaliersForward
82%
46DeMar DeRozanToronto RaptorsGuard
81%
18Al HorfordBoston CelticsCenter-Forward
80%
31Dirk NowitzkiDallas MavericksForward
80%
32Dwyane WadeChicago BullsGuard
79%
11LaMarcus AldridgeSan Antonio SpursForward
79%
36Kemba WalkerCharlotte HornetsGuard
78%
29Andre DrummondDetroit PistonsCenter
77%
48Giannis AntetokounmpoMilwaukee BucksForward
77%
26Mike ConleyMemphis GrizzliesGuard
77%
33Rudy GobertUtah JazzCenter
77%
27Gordon HaywardUtah JazzForward
76%
15Paul MillsapAtlanta HawksForward
76%
45Isaiah ThomasBoston CelticsGuard
74%
38Brook LopezBrooklyn NetsCenter
73%
82Robin LopezChicago BullsCenter
72%
40Steven AdamsOklahoma City ThunderCenter
72%
34Dwight HowardAtlanta HawksCenter
70%
35Hassan WhitesideMiami HeatCenter
70%
58Bradley BealWashington WizardsGuard
63%
50C.J. McCollumPortland Trail BlazersGuard
63%
100Devin BookerPhoenix SunsGuard
59%
44Andre IguodalaGolden State WarriorsGuard-Forward
55%
49Eric BledsoePhoenix SunsGuard
55%
37Chris BoshMiami HeatForward
51%
28Derrick FavorsUtah JazzForward-Center
51%
68Kristaps PorzingisNew York KnicksForward-Center
51%
67Andrew WigginsMinnesota TimberwolvesForward
50%
39Khris MiddletonMilwaukee BucksGuard-Forward
50%
99Aaron GordonOrlando MagicForward
49%
78Nikola JokicDenver NuggetsCenter
49%
55Marcin GortatWashington WizardsCenter
47%
54Reggie JacksonDetroit PistonsGuard
47%
42Serge IbakaOrlando MagicForward
47%
61Goran DragicMiami HeatGuard
46%
57Jeff TeagueIndiana PacersGuard
42%
96J.R. SmithCleveland CavaliersGuard-Forward
42%
74Victor OladipoOklahoma City ThunderGuard
42%
64Zach RandolphMemphis GrizzliesForward
42%
53Jae CrowderBoston CelticsForward
39%
43Nicolas BatumCharlotte HornetsGuard-Forward
39%
56George HillUtah JazzGuard
38%
59J.J. RedickLos Angeles ClippersGuard
38%
62Jonas ValanciunasToronto RaptorsCenter
37%
75Nikola VucevicOrlando MagicCenter
37%
72Avery BradleyBoston CelticsGuard
36%
71Ricky RubioMinnesota TimberwolvesGuard
36%
86Amir JohnsonBoston CelticsForward
32%
65Marvin WilliamsCharlotte HornetsForward
32%
47Danilo GallinariDenver NuggetsForward
31%
79Clint CapelaHouston RocketsForward-Center
30%
88Enes KanterOklahoma City ThunderCenter
30%
70Kyle KorverAtlanta HawksGuard
30%
97Manu GinobiliSan Antonio SpursGuard
27%
63Greg MonroeMilwaukee BucksCenter-Forward
26%
87Kenneth FariedDenver NuggetsForward
25%
80Rudy GaySacramento KingsForward
25%
66Thaddeus YoungIndiana PacersForward
25%
60Luol DengLos Angeles LakersForward
24%
77Tobias HarrisDetroit PistonsForward
24%
51Chandler ParsonsMemphis GrizzliesForward
22%
81Trevor ArizaHouston RocketsForward
22%
85Rodney HoodUtah JazzGuard
19%
89Ryan AndersonHouston RocketsForward
18%
73DeMarre CarrollToronto RaptorsForward
17%
95Evan FournierOrlando MagicGuard-Forward
17%
98Brandon KnightPhoenix SunsGuard
16%
84Nerlens NoelPhiladelphia 76ersForward-Center
16%
83Andrew BogutDallas MavericksCenter
14%
90Kent BazemoreAtlanta HawksForward-Guard
14%
94Cody ZellerCharlotte HornetsCenter-Forward
13%
93Mason PlumleePortland Trail BlazersCenter-Forward
13%
91Bismack BiyomboOrlando MagicCenter-Forward
9%
92Wesley MatthewsDallas MavericksGuard-Forward
9%
76Ian MahinmiWashington WizardsCenter
5%

Score Distribution

Percentile by Number Answered

Percent of People with Each Score

Your Score History

You have not taken this quiz